Central Library OPAC University of Rajshahi

My dear Holmes : (Record no. 20587)

MARC details
000 -LEADER
fixed length control field 00803nam a22002771i 4500
001 - CONTROL NUMBER
control field 20587
003 - CONTROL NUMBER IDENTIFIER
rucl marc code BD-RjUL
005 - DATE AND TIME OF LATEST TRANSACTION
control field 20211209000602.0
008 - FIXED-LENGTH DATA ELEMENTS--GENERAL INFORMATION
fixed length control field 140301s1951 enka 000 0 eng
035 ## - SYSTEM CONTROL NUMBER
System control number (OCoLC)1384053
System control number (OCoLC)ocm01384053
System control number (CStRLIN)NYCG86-B8094
System control number (BD-RjUL)20649
System control number (BD-RjUL)20649
040 ## - CATALOGING SOURCE
Original cataloging agency CSf
Transcribing agency CSf
Modifying agency BD-RjUL
Language of cataloging eng
041 ## - LANGUAGE CODE
Language code of text/sound track or separate title eng
082 ## - DEWEY DECIMAL CLASSIFICATION NUMBER
Classification number 823
Author mark and year BRM 1951
100 1# - MAIN ENTRY--PERSONAL NAME
Personal name Brend, Gavin.
9 (RLIN) 63522
245 10 - TITLE STATEMENT
Title My dear Holmes :
Remainder of title a study in Sherlock /
Statement of responsibility, etc. Gavin Brend.
260 ## - PUBLICATION, DISTRIBUTION, ETC. (IMPRINT)
Place of publication, distribution, etc. London :
Name of publisher, distributor, etc. Allen & Unwin,
Date of publication, distribution, etc. 1951.
300 ## - PHYSICAL DESCRIPTION
Pagination 183 p. :
Illustrations ill. ;
Size 19 cm.
600 10 - SUBJECT ADDED ENTRY--PERSONAL NAME
Personal name Doyle, Arthur Conan,
Dates associated with a name 1859-1930.
Personal name Doyle, Arthur Conan,
Dates associated with a name 1859-1930
General subdivision Characters.
942 ## - ADDED ENTRY ELEMENTS (KOHA)
Source of classification or shelving scheme Dewey Decimal Classification
Koha item type Books
Holdings
Lost status Source of classification or shelving scheme Damaged status Not for loan Collection code Permanent Location Current Location Shelving location Date acquired Source of acquisition Cost, normal purchase price Total Checkouts Full call number Date last seen Copy number Koha item type
  Dewey Decimal Classification     Fiction Central Library, University of Rajshahi Central Library, University of Rajshahi   20/09/1987 Zeittinger 12.60   823 BRM 1951 01/03/2014 C-2 Books
  Dewey Decimal Classification   Not For Loan Fiction Central Library, University of Rajshahi Central Library, University of Rajshahi Reading Room 20/08/1969 Zeitlinger 12.60   823 BRM 1951 02/10/2022 C-1 Books